000 00397nam a2200133Ia 4500
008 100328s9999 xx 000 0 und d
082 _b67937
100 _aवर्टीकर मनोहर.
245 _aभूलभुलैय्या.
260 _bयोगिता.
630 _aभूलभुलैय्या.
730 _aभूलभुलैय्या.
942 _cBOOK
999 _c553676
_d553673